[Event "St Petersburg Botvinnik 100 op"]
[Site "St Petersburg"]
[Date "2011.08.14"]
[Round "3"]
[White "Martynenko, Andrei"]
[Black "Stetsko, Lanita"]
[Result "1/2-1/2"]
[WhiteElo "2357"]
[BlackElo "2135"]
[PlyCount "65"]
[EventDate "2011.08.12"]
[EventType "swiss"]
[EventRounds "9"]
[EventCountry "RUS"]
[SourceTitle "CBM 143 Extra"]
[Source "ChessBase"]
[SourceDate "2011.08.29"]
[SourceVersion "1"]
[SourceVersionDate "2011.08.29"]
[SourceQuality "1"]

1. e4 e5 2. Nf3 Nc6 3. Bb5 a6 4. Ba4 Nf6 5. d3 d6 6. c3 g6 7. Nbd2 Bg7 8. Nf1 0-0 9. Bg5 Be6 10. h4 h6 11. Bxf6 Qxf6 12. h5 d5 13. hxg6 fxg6 14. Bb3 Ne7 15. Ne3 c6 16. Qc2 Rad8 17. 0-0 Bh3 18. Qe2 Kh8 19. gxh3 Qxf3 20. Qxf3 Rxf3 21. Kg2 Rf4 22. f3 h5 23. exd5 Nxd5 24. Nxd5 cxd5 25. Rae1 Bf6 26. Re2 Kg7 27. Rd1 g5 28. Kg3 Kg6 29. Bc2 Kf7 30. Bb3 Kg6 31. Bc2 Kf7 32. Bb3 Kg6 33. Bc2 1/2-1/2

[Event "St Petersburg White Nights op"]
[Site "St Petersburg"]
[Date "2005.06.19"]
[Round "2"]
[White "Martynenko, Andrei"]
[Black "Pogosian, Vladimir"]
[Result "1/2-1/2"]
[WhiteElo "2385"]
[BlackElo "2204"]
[PlyCount "80"]
[EventDate "2005.06.18"]
[EventType "swiss"]
[EventRounds "9"]
[EventCountry "RUS"]
[SourceTitle "CBM 106 Extra"]
[Source "ChessBase"]
[SourceDate "2005.07.01"]
[SourceVersion "1"]
[SourceVersionDate "2005.07.01"]
[SourceQuality "1"]

1. e4 d6 2. d4 Nf6 3. Nc3 g6 4. f3 c6 5. Be3 b5 6. e5 b4 7. exf6 bxc3 8. bxc3 exf6 9. Bd3 Bg7 10. Ne2 0-0 11. 0-0 Re8 12. Qd2 Ba6 13. Rfe1 Bxd3 14. Qxd3 Nd7 15. Bf4 Nb6 16. c4 f5 17. a4 d5 18. c5 Nc4 19. c3 Qf6 20. Ng3 h5 21. Rab1 h4 22. Nf1 g5 23. Rxe8+ Rxe8 24. Rb8 Rxb8 25. Bxb8 a6 26. Ne3 Qe6 27. Nxc4 dxc4 28. Qd2 f4 29. Kf2 h3 30. g3 fxg3+ 31. Bxg3 g4 32. Qe3 Bh6 33. Qe4 gxf3 34. Qxf3 Bd2 35. Kf1 Kf8 36. Bd6+ Kg7 37. Qg3+ Kh7 38. Qh4+ Kg7 39. Qg3+ Kh7 40. Qh4+ Kg7 1/2-1/2